000 00344nam a2200145Ia 4500
008 251122s9999||||xx |||||||||||||| ||und||
020 _a9.7893850835e+012
082 _a891.43
_bDIX/J
100 _aDixit, Kirti
245 0 _aJaneu (Hindi)
250 _a1st
260 _aNew Delhi
_bAnuradha Prakashan
_c2016
300 _a200p.
942 _cBK
999 _c50273
_d50273